000 00686cab a22002055a 4500
001 L145104
008 080903s2008 xxk 000 0 eng d
035 _a(Sirsi) u145104
041 0 _aeng
110 2 _aEuroProperty
_91216
245 0 0 _aDoom and gloom not as apparent in central and eastern Europe.
490 _aEuroProperty
_v 1 September 2008, 10-11(2)
520 _aThe commercial property market in Central and Eastern Europe (CEE) will be resilient for the near future.
590 _aKA
650 2 4 _aEUROPEAN COMMERCIAL PROPERTY COMMENTARY
651 4 _aPoland
651 4 _aBulgaria
690 _aPROPERTY-COMMERCIAL PROPERTY-COMMERCIAL PROPERTY MARKET
942 _n0
999 _c80699
_d80699